El miedo de vivir (Registro nro. 77546)

Detalles MARC
000 -ENCABEZADO
Número de control [NR] 00714nam a2200217Ia 4500
008 - DE LONGITUD FIJA DE DATOS DE ELEMENTOS - INFORMACIÓN GENERAL
Elementos de longitud fija [NR] 130821s1928 sp gr spa
040 ## - FUENTE DE CATALOGACION [NR]
Agencia de catalogación original [NR] Co-BoUCM
Idioma de catalogación [NR] spa
041 00 - CODIGO DE IDIOMA [R]
Código de idioma para texto/pista de sonido o título separado [R] Español
100 1# - ASIENTO PRINCIPAL--NOMBRE PERSONAL [NR]
Nombre personal [NR] Bordeaux, Enrique
Fechas asociadas con el nombre [NR] 1870-1963
ID Autoridad 148632
245 13 - MENCION DE TITULO [NR]
Título [NR] El miedo de vivir
Mención de responsabilidad, etc. [NR] Enrique Bordeaux ; traducción de Juan Gil Angulo
260 ## - PUBLICACION, DISTRIBUCION, ETC. (PIE DE IMPRENTA) [R]
Lugar de publicación, distribución, etc. [R] Barcelona (España)
Nombre del editor, distribuidor, etc. [R] Gustavo Gili
Fecha de publicación, distribución, etc. [R] 1928
300 ## - DESCRIPCION FISICA [R]
Extensión [R] 318 páginas
490 #0 - MENCION DE SERIE [R]
Mención de serie [R] Biblioteca emporium
Designación numérica/secuencial del volumen [NR] 12
500 ## - NOTA GENERAL [R]
Nota general [NR] Incluye índice.
650 ## - ASIENTO SECUNDARIO DE MATERIA - TERMINO TEMATICO [R]
Término temático o nombre geográfico como elemento de entrada [NR] Literatura francesa
9 (RLIN) 7794
650 ## - ASIENTO SECUNDARIO DE MATERIA - TERMINO TEMATICO [R]
Término temático o nombre geográfico como elemento de entrada [NR] Literatura
9 (RLIN) 18599
650 ## - ASIENTO SECUNDARIO DE MATERIA - TERMINO TEMATICO [R]
Término temático o nombre geográfico como elemento de entrada [NR] Novela francesa
9 (RLIN) 20506
700 1# - ASIENTO SECUNDARIO - NOMBRE PERSONAL [R]
Nombre personal [NR] Gil Angulo, Juan
Término de relación [R]
9 (RLIN) 169748
942 ## - ELEMENTOS DE ENTRADA AGREGADOS (KOHA)
Tipo de ítem principal el descrito en 300a Libro
Tema principal Literatura
Edición 1
Parte restante de la signatura top. B727m
Sistema de clasificación DEWEY
Clasificación 843.8
Existencias
Fecha de último préstamo Signatura topográfica Código de barras Última vez visto Ejemplar Price effective from Tipo de ítem Perdido Sistema de clasificación Dañado No prestable Tipo de ítem específico Suprimido Ubicación habitual Ubicación actual Localización Fecha de creación Forma de adquisición Costo
14/12/2011 843.8 B727m 100118828 01/12/2025 Ej.1 03/02/2013 Libro   DEWEY     Libro   Hospital Universitario Mayor Hospital Universitario Mayor 9no piso 30/09/2012 Donación 26000.00